00908pam a2200277 a 450000100070000000500170000700600040002400700040002800800040003201000170003602000280005304000190008105000280010008200180012810000320014624500530017826000410023130000340027250000220030665000450032865000500037390600450042394200130046899900170048195201320049857896920150702085904.0000000000 a 90000538  a0123380502 (alk. paper) aUOELcDLCdDLC00aREF TK7868.L6bH45 199100a621.381/52201 aHeiserman, David L.,d1940-10aLogic IC master reference /cDavid L. Heiserman. aSan Diego :bAcademic Press,cc1991. avii, 735 p. :bill. ;c29 cm. aIncludes indexes. 0aLogic circuitsxHandbooks, manuals, etc. 0aIntegrated circuitsxHandbooks, manuals, etc. a7bcbccorignewd1eocipf19gy-gencatlg 2lcccREF c11133d11133 00102lcc4070aUOEbUOEcREFd2015-07-02l0oREF TK7868.L6 H45 1991p10053859r2015-07-02 00:00:00t10053859w2015-07-02yREF